000
00226 a2200085 4500
020
_a
9783836536462
100
_a
Philip Jodidio
245
_a
Renzo Piano Building Workshop: The Poetry of Flight
260
_b
Taschen America Llc
_c
2016
999
_c
13391
_d
13391